История Сибири: хрестоматия-практикум

Detalles Bibliográficos
Autor Corporativo: Томский политехнический университет (ТПУ)
Outros autores: Шерстова Л. И. Людмила Ивановна (составитель)
Summary:В хрестоматии-практикуме представлены документы, отражающие наиболее важные этапы сибирской истории за последние 400 лет, т. к. тогда в этом регионе появляются русские и начинается устойчивая письменная фиксация событий. Хрестоматия-практикум состоит из трех частей. Каждый документ или группа документов объединяются общей темой, сопровождаются вопросами, рассчитанными на самостоятельное осмысление их студентами. Предназначена для студентов Гуманитарного факультета специальности «Регионоведение». Хрестоматия-практикум может использоваться в качестве регионального компонента по дисциплине «Отечественная история».
Idioma:ruso
Publicado: Томск, Изд-во ТПУ, 2008
Series:Учебники Томского политехнического университета
Subjects:
Formato: MixedMaterials Libro
KOHA link:https://koha.lib.tpu.ru/cgi-bin/koha/opac-detail.pl?biblionumber=145938

MARC

LEADER 00000nam0a2200000 4500
001 145938
005 20231031144426.0
035 |a (RuTPU)RU\TPU\book\158190 
090 |a 145938 
100 |a 20081023d2008 m y0rusy50 ca 
101 0 |a rus 
102 |a RU 
105 |a y j 000zy 
200 1 |a История Сибири  |e хрестоматия-практикум  |f Томский политехнический университет (ТПУ) ; сост. Л. И. Шерстова 
210 |a Томск  |c Изд-во ТПУ  |d 2008 
215 |a 453 с. 
225 1 |a Учебники Томского политехнического университета 
330 |a В хрестоматии-практикуме представлены документы, отражающие наиболее важные этапы сибирской истории за последние 400 лет, т. к. тогда в этом регионе появляются русские и начинается устойчивая письменная фиксация событий. Хрестоматия-практикум состоит из трех частей. Каждый документ или группа документов объединяются общей темой, сопровождаются вопросами, рассчитанными на самостоятельное осмысление их студентами. Предназначена для студентов Гуманитарного факультета специальности «Регионоведение». Хрестоматия-практикум может использоваться в качестве регионального компонента по дисциплине «Отечественная история». 
610 1 |a история 
610 1 |a Сибирь 
610 1 |a 16 век 
610 1 |a 17 век 
610 1 |a 18 век 
610 1 |a 19 век 
610 1 |a 20 век 
610 1 |a исторические документы 
610 1 |a население 
610 1 |a социально-экономическое положение 
610 1 |a внешняя политика 
610 1 |a международные отношения 
610 1 |a джунгаро-китайские войны 
610 1 |a русско-китайские войны 
610 1 |a региональная политика 
610 1 |a законодательные акты 
610 1 |a Российская Федерация 
610 1 |a хрестоматии 
610 1 |a учебные пособия 
686 |a Т3(253)я73  |v LBC/SL-A  |2 rubbk 
702 1 |a Шерстова  |b Л. И.  |g Людмила Ивановна  |4 220 
712 0 2 |a Томский политехнический университет (ТПУ)  |c (1991- )  |2 stltpush  |3 (RuTPU)RU\TPU\col\376 
801 1 |a RU  |b 63413507  |c 20081023  |g PSBO 
801 2 |a RU  |b 63413507  |c 20150430  |g PSBO 
900 |a История Сибири 
942 |c BK